[Event "IRI-ch U16"]
[Site "Chess.com INT"]
[Date "2021.01.16"]
[Round "7"]
[White "Biriya, Mohammadamin"]
[Black "Valizadeh, Ashkan"]
[Result "1-0"]
[WhiteElo "1911"]
[BlackElo "1107"]
[PlyCount "111"]
[EventDate "2021.01.16"]
[EventType "swiss"]
[EventRounds "11"]
[EventCountry "IRI"]
[SourceTitle "EXT 2022"]
[Source "ChessBase"]
[SourceDate "2021.10.06"]
[SourceVersion "1"]
[SourceVersionDate "2021.10.06"]
[SourceQuality "1"]

1. e4 e6 2. d4 d5 3. Nc3 dxe4 4. Nxe4 Nd7 5. Bd3 Ngf6 6. Qe2 b6 7. Nf3 Bb7 8. 0-0 Be7 9. c3 Nxe4 10. Bxe4 Bxe4 11. Qxe4 0-0 12. Bf4 Nf6 13. Qe2 Bd6 14. Bxd6 Qxd6 15. Rad1 Rad8 16. Ne5 Nd7 17. Nc4 Qe7 18. Rfe1 c6 19. Qf3 Rc8 20. Qe2 Nf6 21. Ne5 Nd7 22. Nf3 Nf6 23. h3 h6 24. Qc2 Qc7 25. Qe2 c5 26. dxc5 Qxc5 27. Nd4 Rfd8 28. Rd2 Rd5 29. Red1 Rcd8 30. Nb3 Qc6 31. Rxd5 Rxd5 32. Nd4 Qd7 33. Re1 Ne8 34. Nf3 Nf6 35. c4 Rd6 36. Qc2 Qc6 37. a3 Nd7 38. b4 Qc7 39. Rc1 Rc6 40. Nd4 Rd6 41. Nb5 Qc6 42. Nxd6 Qxd6 43. c5 bxc5 44. bxc5 Qc6 45. Qd3 Kf8 46. Qd6+ Qxd6 47. cxd6 f6 48. Rc7 Ke8 49. Rxa7 e5 50. a4 Nc5 51. a5 Kd8 52. a6 Kc8 53. Ra8+ Kd7 54. a7 Nb7 55. Rb8 Nxd6 56. a8Q 1-0

[Event "IRI-ch U16"]
[Site "Chess.com INT"]
[Date "2021.01.16"]
[Round "1"]
[White "Talebi, Aria"]
[Black "Valizadeh, Ashkan"]
[Result "1-0"]
[WhiteElo "1621"]
[BlackElo "1107"]
[PlyCount "170"]
[EventDate "2021.01.16"]
[EventType "swiss"]
[EventRounds "11"]
[EventCountry "IRI"]
[SourceTitle "EXT 2022"]
[Source "ChessBase"]
[SourceDate "2021.10.06"]
[SourceVersion "1"]
[SourceVersionDate "2021.10.06"]
[SourceQuality "1"]

1. d4 c5 2. e3 Nf6 3. Nf3 d5 4. c3 Bg4 5. Bd3 e6 6. Nbd2 Bd6 7. dxc5 Bxc5 8. b4 Bb6 9. Bb2 Nbd7 10. a3 0-0 11. 0-0 e5 12. Be2 e4 13. Nd4 Bxe2 14. Qxe2 Ne5 15. Rab1 Nd3 16. f3 Nxb2 17. Rxb2 Bxd4 18. cxd4 exf3 19. Nxf3 Ne4 20. Rc2 Rc8 21. Rfc1 Rxc2 22. Qxc2 Nd6 23. Qd3 f6 24. Nd2 Re8 25. Rc5 Ne4 26. Nxe4 Rxe4 27. Qb3 Qe8 28. Kf2 Qh5 29. Rxd5 Qh4+ 30. Kf1 Kf8 31. Rd8+ Ke7 32. Qd5 Qg4 33. Rd7+ Qxd7 34. Qxe4+ Kf7 35. Qd3 Qc7 36. h3 a5 37. bxa5 Qxa5 38. Qb3+ Kg6 39. Qd3+ Kf7 40. Kf2 b6 41. d5 Ke7 42. e4 Qc5+ 43. Kg3 Qd6+ 44. Kf3 g5 45. g3 Qd7 46. Qd4 Qxh3 47. Qb4+ Kf7 48. Qxb6 Qh1+ 49. Kf2 Qh2+ 50. Kf1 Qh3+ 51. Ke2 Qg2+ 52. Kd3 Qxg3+ 53. Qe3 Qd6 54. Qa7+ Kg6 55. a4 Qa3+ 56. Kd4 Qb2+ 57. Kc4 Qc2+ 58. Kb5 Qxe4 59. Qc5 g4 60. d6 Qb7+ 61. Qb6 Qd7+ 62. Qc6 Qf5+ 63. Kb6 Qf2+ 64. Kb7 Qb2+ 65. Kc8 Qb4 66. d7 g3 67. d8Q Qg4+ 68. Qdd7 h5 69. Qxg4+ hxg4 70. Qg2 Kg5 71. Qxg3 f5 72. Kd7 f4 73. Qg2 g3 74. Qf3 Kh4 75. Qxf4+ Kh3 76. a5 g2 77. Qf3+ Kh2 78. Qxg2+ Kxg2 79. a6 Kh2 80. a7 Kh3 81. a8Q Kh2 82. Qg8 Kh3 83. Ke6 Kh4 84. Kf5 Kh3 85. Kf4 Kh4 1-0